Normal view
MARC view
- العالم العربي- التاريخ القديم
Entry Topical Term
001 - CONTROL NUMBER
- control field: 39548
003 - CONTROL NUMBER IDENTIFIER
- control field: JO-AjAnu
005 - DATE AND TIME OF LATEST TRANSACTION
- control field: 20230606080557.0
008 - FIXED-LENGTH DATA ELEMENTS
- fixed length control field: 230606|| aca||aabn | a|a d
040 ## - CATALOGING SOURCE
- Original cataloging agency: JO-AjAnu
- Transcribing agency: JO-AjAnu
150 ## - HEADING--TOPICAL TERM
- Topical term or geographic name entry element: العالم العربي- التاريخ القديم
670 ## - SOURCE DATA FOUND
- Source citation: Work cat.: (JO-AjAnu)20279: تاليف فخرى، أحمد, author 39547, دراسات في تاريخ الشرق القديم: مصر والعراق- سوريا- اليمن- إيران : مختارات من الوثائق التاريخية